Concrete technology: (Record no. 158455)

MARC details
000 -LEADER
fixed length control field 00729nam a22002177a 4500
005 - DATE AND TIME OF LATEST TRANSACTION
control field 20181030102802.0
010 ## - LCCN (DPL NO)
LC control number ENG-124403
020 ## - INTERNATIONAL STANDARD BOOK NUMBER
International Standard Book Number 9789352533800
Terms of availability 599.00
035 ## - SYSTEM CONTROL NUMBER
System control number EN-107935
037 ## - SOURCE OF ACQUISITION
Source of stock number/acquisition DBAD/PUB
082 ## - DEWEY DECIMAL CLASSIFICATION NUMBER
Classification number 620.136
100 ## - MAIN ENTRY--PERSONAL NAME
Personal name Shetty MS
245 ## - TITLE STATEMENT
Title Concrete technology:
Statement of responsibility, etc by MS Shetty [and] AK Jain
Remainder of title theory and practice /
250 ## - EDITION STATEMENT
Edition statement 8th revi. ed.
260 ## - PUBLICATION, DISTRIBUTION, ETC. (IMPRINT)
Place of publication, distribution, etc New Delhi
Name of publisher, distributor, etc S.Chand and Company Limited
Date of publication, distribution, etc 2019
270 ## - ADDRESS
Address 7361, Ramnagar
City New Delhi
Postal code 110055
Telephone number 011-23672080-81-82 9899107446, 9911310888
Fax number 91-11-23677446
Electronic mail address info@schandgroup.com
300 ## - PHYSICAL DESCRIPTION
Extent xxviii, 636p.
Dimensions 27cm(pbk)
Other physical details ill.
500 ## - GENERAL NOTE
General note It includes index
700 ## - ADDED ENTRY--PERSONAL NAME
Personal name Jain, AK
942 ## - ADDED ENTRY ELEMENTS (KOHA)
Source of classification or shelving scheme Dewey Decimal Classification
Item type English Books
Classification part 620.136
Call number suffix SHE
Holdings
Withdrawn status Lost status Not for loan Collection code Home library Current library Date acquired Source of acquisition Cost, normal purchase price Full call number Barcode Copy number Cost, replacement price Koha item type
    Not For Loan Non-fiction D.B.Act.Division Bawana 30/10/2018 DBAD/PUB 599.00 620.136 SHE EN-107935 1 599.00 English Books

© Delhi Public Library
Hit Counter
free hit counter